Statistics for Rainbow Six Siege Nerd Quiz Part 2

Click here to take the quiz!

General Stats

  • This quiz has been taken 579 times
  • The average score is 5 of 15

Answer Stats

HintAnswer% Correct
Which operator can pick him/herself up to 1 hp when they are down?Zofia
91%
Which DLC contains the C8-SFW?Black Ice
72%
Which map has three skylights?Bank
68%
Which gun has the fastest fire rate?Vector
53%
Which map has Visa Office?Consulate
49%
House is located in what state?California
39%
Which operators(GIGN,GSG9, etc.) have the Meusoc?FBI
38%
Which operator has the 4th of July Bundle?Blackbeard
30%
Which operator technically has two special abilities?Caviera
27%
Which operator's special ability is named after an African animal?Rook
19%
What is Bucks first name?Sebastien
18%
Which gun has the camo "Zoe Love?"P90
12%
Which operator went to a female only training facility in Tel Aviv?Ying
8%
Which alien/zombie, in outbreak, can fly?Apex
5%
Craig rupe says ____ ____.Very good
1%

Score Distribution

Percentile by Number Answered

Percent of People with Each Score

Your Score History

You have not taken this quiz